00836nam a2200241 i 4500001001000000003000900010005001700019007000300036008004100039040003000080082002400110100003400134245007400168264004200242300004100284336002700325337003300352338002800385500006300413500006700476650002400543650002700567000010747DO-SdBNP20240412074220.0ta091009s1978 dr a 000 p spa d aDO-SdBNPbspacBNPHUerda aRD861.44bP944p222 aPérez, Norvo Antoniod1925-10aPerfiles íntimos :bun milagro del cristo /cNorvo Antonio Pérez. 1aSanto Domingo :bAlfa y Omega,c1978. a141 páginasbilustracionesc22 cm. 2rdacontentatextobtxt 2rdamediaasin mediaciónbn 2rdacarrieravolumenbnc aIncluye datos biográficos del autor en la contracubierta aEl ejemplar número 4 es una reimpresión de diciembre 1978. 0aPoesía dominicana 0aLiteratura dominicana.